|
|
|
|
| LEADER |
01527nam a2200325 a 4500 |
| 001 |
4868705 |
| 003 |
BD-DhAAL |
| 008 |
091229s1992 enkab b 001 0 eng d |
| 999 |
|
|
|c 6498
|d 6498
|
| 010 |
|
|
|a 92017852
|
| 020 |
|
|
|a 9840511963
|
| 020 |
|
|
|a 1856490858 (cloth)
|
| 020 |
|
|
|a 1856490866 (pbk.)
|
| 040 |
|
|
|a DLC
|c DLC
|d DLC
|d BD-DhAAL
|
| 082 |
0 |
0 |
|a 305.42095492
|2 20
|
| 100 |
1 |
|
|a White, Sarah C.
|9 37332
|
| 245 |
1 |
0 |
|a Arguing with the crocodile :
|b gender and class in Bangladesh /
|c Sarah C. White.
|
| 260 |
|
|
|a London ;
|a Atlantic Highlands, N.J.;
|a Dhaka :
|b University Press Limited,
|c c1992.
|
| 300 |
|
|
|a 186 pages :
|b illustrations, map ;
|c 23 cm.
|
| 504 |
|
|
|a Includes bibliographical references (p. [172]-182) and index.
|
| 526 |
|
|
|a ESS
|
| 541 |
1 |
|
|a Complimentary copy from Professor Dr. Nasreen Khundker.
|e 00005009, 36630
|
| 650 |
|
0 |
|a Rural women
|z Bangladesh.
|9 37333
|
| 650 |
|
0 |
|a Rural women
|z Bangladesh
|z Kumirpur.
|9 37334
|
| 650 |
|
0 |
|a Social classes
|z Bangladesh.
|9 37335
|
| 650 |
|
0 |
|a Social classes
|z Bangladesh
|z Kumirpur.
|9 37336
|
| 852 |
4 |
|
|a Ayesha Abed Library
|j General Shelf.
|
| 942 |
|
|
|2 ddc
|c BK
|
| 952 |
|
|
|0 0
|1 0
|2 ddc
|4 0
|6 305_420954920000000_WHI_1992
|7 0
|9 6593
|a BRACUL
|b BRACUL
|c GEN
|d 2009-12-30
|g 350.00
|l 1
|o 305.42095492 WHI
|p 3010005009
|r 2013-03-09
|s 2013-03-05
|t 1
|v 700.00
|w 2009-12-30
|y BK
|
| 952 |
|
|
|0 0
|1 0
|2 ddc
|4 0
|6 305_420954920000000_WHI
|7 0
|9 67189
|a BRACUL
|b BRACUL
|c GEN
|d 2019-11-19
|e Complimentary copy from Professor Dr. Nasreen Khundker.
|l 0
|o 305.42095492 WHI
|p 3010036630
|r 2019-11-19
|t 2
|w 2019-11-19
|y BK
|